Catálogo Biblioteca Central

Manual de derecho mercantil (Registro nro. 200153)

Detalles MARC
000 -CABECERA
campo de control de longitud fija 01234nam a2200337 i 4500
001 - NÚMERO DE CONTROL
campo de control 200153
003 - IDENTIFICADOR DEL NÚMERO DE CONTROL
campo de control ES-MaBCM
005 - FECHA Y HORA DE LA ÚLTIMA TRANSACCIÓN
campo de control 20230228070342.0
008 - CÓDIGOS DE INFORMACIÓN DE LONGITUD FIJA
campo de control de longitud fija 151028t2015 sp||||| |||| 00| 0 spa d
017 ## - NÚMERO DE COPYRIGHT O DE DEPÓSITO LEGAL
Depósito legal M.27353-2015 (v.I)
017 ## - NÚMERO DE COPYRIGHT O DE DEPÓSITO LEGAL
Depósito legal M.27363-2015 (v.II)
020 ## - NÚMERO INTERNACIONAL NORMALIZADO PARA LIBROS(ISBN)
Número Internacional Normalizado para Libros (ISBN) 978-84-309-3830-8 (o.c.)
020 ## - NÚMERO INTERNACIONAL NORMALIZADO PARA LIBROS(ISBN)
Número Internacional Normalizado para Libros (ISBN) 978-84-309-6653-0 (v.I)
020 ## - NÚMERO INTERNACIONAL NORMALIZADO PARA LIBROS(ISBN)
Número Internacional Normalizado para Libros (ISBN) 978-84-309-6654-7 (v.II)
021 ## -
-- xx
035 ## - NÚMERO DE CONTROL DEL SISTEMA
Número de control de sistema (OCoLC)927775323
035 ## - NÚMERO DE CONTROL DEL SISTEMA
Número de control de sistema (OCoLC)927775323
040 ## - FUENTE DE LA CATALOGACIÓN
Centro transcriptor ES-MaBCM
100 1# - PUNTO DE ACCESO PRINCIPAL - NOMBRE DE PERSONA
Nombre de persona Broseta Pont, Manuel
9 (RLIN) 6634
Fechas asociadas al nombre 1932-1992
245 10 - MENCIÓN DE TÍTULO
Título Manual de derecho mercantil
Mención de responsabilidad etc. Manuel Broseta Pont ; edición a cargo de Fernando Martínez Sanz
250 ## - MENCIÓN DE EDICIÓN
Mención de edición 22ª ed.
Resto de la mención de edición a cargo de Fernando Martínez Sanz
260 ## - PUBLICACIÓN, DISTRIBUCIÓN, ETC. (PIE DE IMPRENTA)
Lugar de publicación distribución etc. Madrid :
Nombre del editor distribuidor etc. Tecnos,
Fecha de publicación distribución etc. 2015
300 ## - DESCRIPCIÓN FÍSICA
Extensión 2 v.
Dimensiones 24 cm
504 ## - NOTA DE BIBLIOGRAFÍA, ETC.
Nota de bibliografía etc. Incluye referencias bibliográficas
505 0# - NOTA DE CONTENIDO CON FORMATO
Nota de contenido con formato v.I : Introducción y estatuto del empresario, Derecho de la competencia y de la propiedad industrial, Derecho de sociedades (700 p.)
505 ## - NOTA DE CONTENIDO CON FORMATO
Nota de contenido con formato v.II: Contratos mercantiles, derecho de los títulos-valores, derecho concursal (690 p.)
650 27 - PUNTO DE ACCESO ADICIONAL DE MATERIA--TÉRMINO DE MATERIA
Término de materia o nombre geográfico como elemento inicial Derecho mercantil
9 (RLIN) 58338
651 #4 - PUNTO DE ACCESO ADICIONAL DE MATERIA--NOMBRE GEOGRÁFICO
Nombre geográfico España
9 (RLIN) 115342
700 1# - PUNTO DE ACCESO ADICIONAL--NOMBRE DE PERSONA
9 (RLIN) 29649
Nombre de persona Martínez Sanz, Fernando
942 ## - ELEMENTOS DE PUNTO DE ACCESO ADICIONAL (KOHA)
Tipo de ítem Koha Libros
Fuente del sistema de clasificación o colocación Universal Decimal Classification
Existencias
Estado de retiro Estado de pérdida Fuente del sistema de clasificación o colocación Estado dañado No para préstamo Localización permanente Ubicación/localización actual Ubicación en estantería Fecha de adquisición Fuente de adquisición Signatura topográfica completa Código de barras Fecha visto por última vez Precio válido a partir de Tipo de ítem Koha
    Universal Decimal Classification     Biblioteca Central del Ministerio de la Presidencia Biblioteca Central del Ministerio de la Presidencia Sala 28/10/2015 Compra 58462/1 1070462 28/10/2015 28/10/2015 Libros
    Universal Decimal Classification     Biblioteca Central del Ministerio de la Presidencia Biblioteca Central del Ministerio de la Presidencia Sala 28/10/2015 Compra 58462/2 1070480 28/10/2015 28/10/2015 Libros